[Event "Morava-ch"]
[Site "Orlova"]
[Date "2023.10.24"]
[Round "1"]
[White "Zadrapa, Jakub"]
[Black "Vrba, Zbynek"]
[Result "1-0"]
[WhiteElo "1914"]
[BlackElo "1409"]
[PlyCount "48"]
[EventDate "2023.10.24"]
[EventType "swiss"]
[EventRounds "9"]
[EventCountry "CZE"]
[SourceTitle "Mega2024 Update 01"]
[Source "Chessbase"]
[SourceDate "2023.11.12"]
[SourceVersion "1"]
[SourceVersionDate "2023.11.12"]
[SourceQuality "1"]

1. e4 e5 2. Nf3 Nc6 3. Bb5 a6 4. Ba4 Nf6 5. 0-0 Be7 6. Re1 0-0 7. Bxc6 dxc6 8. Nxe5 Bd6 9. Nf3 Bc5 10. d4 Bb6 11. Bg5 h6 12. Bxf6 Qxf6 13. c3 Bg4 14. Nbd2 c5 15. d5 Rad8 16. Qb3 Rfe8 17. Re2 Qf4 18. Rae1 Kh8 19. c4 Rb8 20. Qc3 c6 21. g3 Qc7 22. Nb3 Qd7 23. Ne5 Rxe5 24. Qxe5 Bxe2 1-0